[Event "EYCC 2024 - O16"]
[Site "?"]
[Date "2024.08.30"]
[Round "8.1"]
[White "Materia, Marco"]
[Black "Agasarov, Benik"]
[Result "1/2-1/2"]
[BlackElo "2387"]
[WhiteElo "2457"]
[LiveChessVersion "1.4.8"]

1. d4 {[%clk 1:30:59]} Nf6 {[%clk 1:30:54]} 2. c4 {[%clk 1:31:25]} e6
{[%clk 1:31:20]} 3. Nc3 {[%clk 1:31:52]} Bb4 {[%clk 1:29:20]} 4. e3
{[%clk 1:32:18]} O-O {[%clk 1:29:44]} 5. Bd3 {[%clk 1:32:46]} d5 {[%clk 1:29:53]}
6. Nf3 {[%clk 1:33:06]} dxc4 {[%clk 1:29:50]} 7. Bxc4 {[%clk 1:33:31]} c5
{[%clk 1:30:14]} 8. a3 {[%clk 1:33:57]} Bxc3+ {[%clk 1:29:35]} 9. bxc3
{[%clk 1:34:26]} Qc7 {[%clk 1:27:28]} 10. Be2 {[%clk 1:34:51]} b6
{[%clk 1:27:12]} 11. O-O {[%clk 1:34:09]} Ba6 {[%clk 1:26:33]} 12. Bxa6
{[%clk 1:33:13]} Nxa6 {[%clk 1:25:50]} 13. Bb2 {[%clk 1:33:38]} Rac8
{[%clk 1:25:11]} 14. Rc1 {[%clk 1:31:51]} cxd4 {[%clk 1:23:23]} 15. exd4
{[%clk 1:30:23]} Nb8 {[%clk 1:22:40]} 16. c4 {[%clk 1:28:50]} Nbd7
{[%clk 1:22:18]} 17. a4 {[%clk 1:24:19]} Qb7 {[%clk 1:16:02]} 18. Qb3
{[%clk 1:21:30]} Rc7 {[%clk 1:12:59]} 19. Rfe1 {[%clk 1:19:00]} h6
{[%clk 1:12:53]} 20. h3 {[%clk 1:16:53]} Rfc8 {[%clk 1:12:31]} 21. Nd2
{[%clk 1:12:06]} Qa6 {[%clk 1:02:37]} 22. Re3 {[%clk 0:59:59]} Rc6
{[%clk 0:51:12]} 23. Ba3 {[%clk 0:44:17]} Nf8 {[%clk 0:47:25]} 24. Rce1
{[%clk 0:39:41]} N8d7 {[%clk 0:34:29]} 25. Be7 {[%clk 0:32:40]} Qa5
{[%clk 0:33:56]} 26. Bb4 {[%clk 0:32:34]} Qa6 {[%clk 0:31:29]} 27. Rg3
{[%clk 0:20:35]} Nh5 {[%clk 0:31:01]} 28. Rf3 {[%clk 0:20:56]} Nhf6
{[%clk 0:31:09]} 29. Rc3 {[%clk 0:20:09]} R6c7 {[%clk 0:29:16]} 30. Rec1
{[%clk 0:19:23]} Rc6 {[%clk 0:28:15]} 31. R3c2 {[%clk 0:18:00]} R6c7
{[%clk 0:28:14]} 32. Bd6 {[%clk 0:15:23]} Rc6 {[%clk 0:28:25]} 33. Ba3
{[%clk 0:13:13]} R6c7 {[%clk 0:28:39]} 34. Nf1 {[%clk 0:13:20]} Qa5
{[%clk 0:24:24]} 35. Ne3 {[%clk 0:11:57]} Qg5 {[%clk 0:23:53]} 36. Bd6
{[%clk 0:10:31]} Rc6 {[%clk 0:24:13]} 37. Bb4 {[%clk 0:10:57]} Qf4
{[%clk 0:23:39]} 38. Rd1 {[%clk 0:10:17]} Qc7 {[%clk 0:22:47]} 39. Re2
{[%clk 0:10:05]} Rxc4 {[%clk 0:19:08]} 40. Nxc4 {[%clk 0:10:32]} Qxc4
{[%clk 0:19:34]} 41. Rb2 {[%clk 0:10:28]} a5 {[%clk 0:19:21]} 42. Be1
{[%clk 0:09:17]} Qxb3 {[%clk 0:15:23]} 43. Rxb3 {[%clk 0:09:46]} Rc4
{[%clk 0:15:43]} 44. Ra3 {[%clk 0:09:00]} Nd5 {[%clk 0:15:58]} 45. f3
{[%clk 0:08:13]} Nb8 {[%clk 0:15:48]} 46. Raa1 {[%clk 0:08:15]} Na6
{[%clk 0:15:16]} 47. Rdc1 {[%clk 0:06:17]} Rxd4 48. Bf2 Rd2 {[%clk 0:14:19]} 49.
Rd1 {[%clk 0:06:22]} Rc2 {[%clk 0:13:07]} 50. Rdc1 {[%clk 0:05:48]} Rd2
{[%clk 0:13:30]} 51. Rd1 {[%clk 0:06:15]} Rc2 {[%clk 0:13:56]} 52. Rdc1
{[%clk 0:05:54]} Rd2 {[%clk 0:14:22]} 53. Rd1 {[%clk 0:05:54]} Rc2
{[%clk 0:14:47]} 1/2-1/2

[Event "EYCC 2024 - O16"]
[Site "?"]
[Date "2024.08.30"]
[Round "8.2"]
[White "Perea Fruet, Lorenzo"]
[Black "Habans Aguerrea, Javier"]
[Result "1/2-1/2"]
[BlackElo "2395"]
[WhiteElo "2373"]
[LiveChessVersion "1.4.8"]

1. e4 {[%clk 1:30:58]} c5 {[%clk 1:30:49]} 2. Nf3 {[%clk 1:30:51]} Nc6
{[%clk 1:31:06]} 3. d4 {[%clk 1:30:21]} cxd4 {[%clk 1:31:29]} 4. Nxd4
{[%clk 1:30:49]} g6 {[%clk 1:30:41]} 5. c4 {[%clk 1:29:00]} Nf6 {[%clk 1:29:55]}
6. Nc3 {[%clk 1:25:42]} d6 {[%clk 1:30:11]} 7. h3 {[%clk 1:22:55]} Nxd4
{[%clk 1:29:17]} 8. Qxd4 {[%clk 1:23:19]} Bg7 {[%clk 1:29:40]} 9. Be3
{[%clk 1:15:54]} O-O {[%clk 1:28:11]} 10. Qd2 {[%clk 1:15:44]} Be6
{[%clk 1:27:49]} 11. Bd3 {[%clk 1:12:05]} Qa5 {[%clk 1:02:10]} 12. Nd5
{[%clk 1:01:36]} Qxd2+ {[%clk 1:02:24]} 13. Kxd2 {[%clk 1:01:48]} Bxd5
{[%clk 1:02:04]} 14. cxd5 {[%clk 1:02:12]} Nd7 {[%clk 0:59:06]} 15. Rac1
{[%clk 1:00:04]} Rfc8 {[%clk 0:53:40]} 16. Rxc8+ {[%clk 0:58:06]} Rxc8
{[%clk 0:54:08]} 17. Rc1 {[%clk 0:58:21]} Rxc1 {[%clk 0:54:31]} 18. Kxc1
{[%clk 0:58:46]} a6 {[%clk 0:54:45]} 19. Kc2 {[%clk 0:56:23]} Kf8
{[%clk 0:55:09]} 20. b4 {[%clk 0:55:12]} Ke8 {[%clk 0:54:34]} 21. a4
{[%clk 0:54:49]} Kd8 {[%clk 0:54:56]} 22. Kb3 {[%clk 0:53:16]} Kc7
{[%clk 0:54:54]} 23. a5 {[%clk 0:53:24]} Bf6 {[%clk 0:54:41]} 24. Be2
{[%clk 0:52:25]} Bg7 {[%clk 0:54:35]} 25. g4 {[%clk 0:48:17]} Bf6
{[%clk 0:53:57]} 26. g5 {[%clk 0:46:21]} Bg7 {[%clk 0:54:25]} 27. h4
{[%clk 0:46:20]} Ba1 {[%clk 0:51:32]} 28. h5 {[%clk 0:45:26]} gxh5
{[%clk 0:47:34]} 29. Bxh5 {[%clk 0:45:13]} f6 {[%clk 0:47:51]} 30. g6
{[%clk 0:43:43]} hxg6 {[%clk 0:48:15]} 31. Bxg6 {[%clk 0:44:12]} Ne5
{[%clk 0:47:17]} 32. Bb6+ {[%clk 0:43:48]} Kb8 {[%clk 0:46:42]} 33. Bf5
{[%clk 0:43:36]} Nd3 {[%clk 0:42:05]} 34. f3 {[%clk 0:38:40]} Be5
{[%clk 0:38:05]} 35. Bd8 {[%clk 0:37:57]} Ne1 {[%clk 0:36:18]} 36. Bg4
{[%clk 0:37:00]} f5 {[%clk 0:33:47]} 37. exf5 {[%clk 0:31:53]} Bf6
{[%clk 0:34:10]} 38. Kc4 {[%clk 0:32:15]} Nc2 {[%clk 0:33:25]} 39. Bb6
{[%clk 0:31:06]} Na3+ {[%clk 0:33:10]} 40. Kd3 {[%clk 0:30:30]} Nb5
{[%clk 0:33:38]} 41. Bh5 {[%clk 0:29:14]} Kc8 {[%clk 0:30:18]} 42. Bf7
{[%clk 0:28:42]} Kb8 {[%clk 0:29:47]} 43. Be6 {[%clk 0:28:16]} Nc7
{[%clk 0:29:26]} 44. Ke4 {[%clk 0:23:06]} Ne8 {[%clk 0:16:46]} 45. Kf4
{[%clk 0:20:14]} Ng7 {[%clk 0:16:55]} 46. Bd7 {[%clk 0:20:04]} Nh5+
{[%clk 0:16:56]} 47. Kg4 {[%clk 0:20:19]} Ng7 {[%clk 0:17:25]} 48. Bd8
{[%clk 0:20:01]} Ka7 {[%clk 0:17:26]} 49. Bc7 {[%clk 0:20:03]} Ka8
{[%clk 0:17:54]} 50. Be6 {[%clk 0:17:41]} Ne8 {[%clk 0:18:13]} 51. Bd8
{[%clk 0:17:41]} Ng7 {[%clk 0:18:41]} 52. Kf4 {[%clk 0:17:25]} Nh5+
{[%clk 0:18:51]} 53. Ke3 {[%clk 0:17:43]} Kb8 {[%clk 0:18:59]} 54. Kd3
{[%clk 0:17:48]} Ng7 {[%clk 0:17:47]} 55. Kc4 {[%clk 0:17:56]} Ne8
{[%clk 0:17:51]} 56. Kd3 {[%clk 0:16:19]} Ng7 {[%clk 0:18:14]} 57. Ke4
{[%clk 0:16:32]} Nh5 {[%clk 0:18:32]} 58. Bb6 {[%clk 0:16:15]} Ng3+
{[%clk 0:14:40]} 59. Kd3 {[%clk 0:16:18]} Nh5 {[%clk 0:14:56]} 60. Kc4
{[%clk 0:16:34]} Nf4 {[%clk 0:13:20]} 61. b5 {[%clk 0:16:07]} axb5+
{[%clk 0:13:09]} 62. Kxb5 {[%clk 0:16:36]} Nd3 {[%clk 0:12:44]} 63. a6
{[%clk 0:15:10]} bxa6+ {[%clk 0:13:09]} 64. Kxa6 {[%clk 0:15:35]} Nc5+
{[%clk 0:11:41]} 65. Kb5 {[%clk 0:14:04]} Kb7 {[%clk 0:11:42]} 66. f4
{[%clk 0:12:16]} Bh4 {[%clk 0:11:21]} 67. Ba5 {[%clk 0:08:38]} Nd3
{[%clk 0:10:43]} 68. Bd2 {[%clk 0:07:49]} Be1 {[%clk 0:09:32]} 69. Be3
{[%clk 0:07:11]} Bf2 {[%clk 0:09:12]} 1/2-1/2

[Event "EYCC 2024 - O16"]
[Site "?"]
[Date "2024.08.30"]
[Round "8.3"]
[White "Zielonka, Adam"]
[Black "Kvaloy, Aksel Bu"]
[Result "1/2-1/2"]
[BlackElo "2487"]
[WhiteElo "2253"]
[LiveChessVersion "1.4.8"]

1. e4 {[%clk 1:30:57]} c5 {[%clk 1:30:58]} 2. Nf3 {[%clk 1:31:21]} d6
{[%clk 1:31:26]} 3. Bb5+ {[%clk 1:31:45]} Nd7 {[%clk 1:31:52]} 4. O-O
{[%clk 1:32:09]} a6 {[%clk 1:32:18]} 5. Bd3 {[%clk 1:32:35]} e6 {[%clk 1:32:44]}
6. c3 {[%clk 1:32:59]} Ngf6 {[%clk 1:33:02]} 7. Re1 {[%clk 1:33:07]} Be7
{[%clk 1:33:21]} 8. Bc2 {[%clk 1:33:10]} b5 {[%clk 1:33:20]} 9. d4
{[%clk 1:33:23]} Bb7 {[%clk 1:33:42]} 10. a4 {[%clk 1:33:47]} cxd4
{[%clk 1:33:28]} 11. cxd4 {[%clk 1:34:11]} O-O {[%clk 1:33:40]} 12. a5
{[%clk 1:34:06]} Rc8 {[%clk 1:30:08]} 13. Nbd2 {[%clk 1:33:52]} Nb8
{[%clk 1:11:42]} 14. Nf1 {[%clk 1:26:11]} Nc6 {[%clk 1:10:23]} 15. Bd2
{[%clk 1:25:47]} b4 {[%clk 1:05:52]} 16. Ng3 {[%clk 1:15:59]} Nxa5
{[%clk 1:02:31]} 17. Bxb4 {[%clk 1:15:17]} Nc4 {[%clk 1:00:21]} 18. Bc3
{[%clk 1:08:17]} g6 {[%clk 0:46:06]} 19. Bd3 {[%clk 1:04:09]} d5 {[%clk 0:32:40]}
20. e5 {[%clk 1:03:31]} Ne4 {[%clk 0:31:43]} 21. Nxe4 {[%clk 1:02:22]} dxe4
{[%clk 0:32:07]} 22. Bxe4 {[%clk 1:02:47]} Bxe4 {[%clk 0:32:25]} 23. Rxe4
{[%clk 1:03:12]} Qd5 {[%clk 0:32:25]} 24. Re1 {[%clk 1:00:05]} Rc6
{[%clk 0:29:47]} 25. Nd2 {[%clk 0:57:46]} Rb8 {[%clk 0:22:37]} 26. Nxc4
{[%clk 0:55:31]} Qxc4 {[%clk 0:22:55]} 1/2-1/2

[Event "EYCC 2024 - O16"]
[Site "?"]
[Date "2024.08.30"]
[Round "8.4"]
[White "Durak, Can"]
[Black "Pashikyan, Rudolf"]
[Result "1/2-1/2"]
[BlackElo "2186"]
[WhiteElo "2442"]
[LiveChessVersion "1.4.8"]

1. e4 {[%clk 1:30:10]} e5 {[%clk 1:30:53]} 2. Nf3 {[%clk 1:29:55]} Nc6
{[%clk 1:31:14]} 3. Bc4 {[%clk 1:30:09]} Bc5 {[%clk 1:31:30]} 4. Nc3
{[%clk 1:30:20]} Nf6 {[%clk 1:30:43]} 5. d3 {[%clk 1:30:14]} h6 {[%clk 1:30:07]}
6. O-O {[%clk 1:30:14]} d6 {[%clk 1:30:01]} 7. Na4 {[%clk 1:28:38]} a6
{[%clk 1:30:05]} 8. Nxc5 {[%clk 1:23:52]} dxc5 {[%clk 1:30:22]} 9. c3
{[%clk 1:18:12]} Qd6 {[%clk 1:25:32]} 10. Bb3 {[%clk 1:17:35]} Be6
{[%clk 1:24:04]} 11. Bc2 {[%clk 1:15:42]} O-O-O {[%clk 1:24:08]} 12. Qe2
{[%clk 1:13:54]} g5 {[%clk 1:23:05]} 13. Nd2 {[%clk 1:11:54]} Rdg8
{[%clk 1:03:25]} 14. a3 {[%clk 1:09:40]} h5 {[%clk 1:00:05]} 15. b4
{[%clk 1:07:55]} cxb4 {[%clk 0:59:19]} 16. axb4 {[%clk 1:08:11]} h4
{[%clk 0:59:38]} 17. Nc4 {[%clk 1:02:07]} Qe7 {[%clk 0:59:48]} 18. Na5
{[%clk 0:53:13]} Nb8 {[%clk 0:34:44]} 19. d4 {[%clk 0:41:49]} exd4
{[%clk 0:16:52]} 20. cxd4 {[%clk 0:40:55]} b6 {[%clk 0:17:17]} 21. Nc4
{[%clk 0:30:33]} Bxc4 {[%clk 0:16:43]} 22. Qxc4 {[%clk 0:30:57]} Nxe4
{[%clk 0:14:29]} 23. Qe2 {[%clk 0:21:45]} Re8 {[%clk 0:14:49]} 24. f3
{[%clk 0:21:56]} Nd6 {[%clk 0:14:42]} 25. Qxe7 {[%clk 0:22:21]} Rxe7
{[%clk 0:14:56]} 26. Bxg5 {[%clk 0:22:50]} Re2 {[%clk 0:14:20]} 27. Bd3
{[%clk 0:20:34]} Rb2 {[%clk 0:14:33]} 28. Rfb1 {[%clk 0:20:58]} Rxb1+
{[%clk 0:14:35]} 29. Rxb1 {[%clk 0:21:27]} Kd7 {[%clk 0:13:21]} 30. d5
{[%clk 0:20:55]} Kc8 {[%clk 0:07:33]} 31. Re1 {[%clk 0:20:53]} b5
{[%clk 0:07:42]} 32. Re7 {[%clk 0:19:44]} Nd7 {[%clk 0:03:49]} 33. Bf4
{[%clk 0:17:48]} Rh5 {[%clk 0:04:09]} 34. Bxd6 {[%clk 0:17:38]} cxd6
{[%clk 0:04:38]} 35. Rxf7 {[%clk 0:17:35]} Nb6 {[%clk 0:05:02]} 36. Rf5
{[%clk 0:14:22]} Rxf5 {[%clk 0:02:48]} 37. Bxf5+ {[%clk 0:14:50]} Kd8
{[%clk 0:03:11]} 38. Be4 {[%clk 0:15:12]} Na4 {[%clk 0:03:36]} 39. Bc2
{[%clk 0:14:49]} Nc3 {[%clk 0:03:28]} 40. Bb3 {[%clk 0:14:56]} Ne2+
{[%clk 0:03:54]} 41. Kf2 {[%clk 0:13:45]} Nc1 {[%clk 0:04:21]} 42. Bc2
{[%clk 0:13:14]} Na2 {[%clk 0:04:48]} 43. g4 {[%clk 0:13:32]} hxg3+
{[%clk 0:05:11]} 44. hxg3 {[%clk 0:14:01]} Nxb4 {[%clk 0:05:34]} 45. Be4
{[%clk 0:14:26]} Na2 {[%clk 0:01:22]} 46. Ke3 {[%clk 0:14:40]} Nc3
{[%clk 0:01:31]} 47. g4 {[%clk 0:14:39]} b4 {[%clk 0:01:40]} 48. Kd4
{[%clk 0:13:31]} a5 {[%clk 0:01:52]} 49. Kc4 {[%clk 0:12:59]} Ke7
{[%clk 0:02:08]} 50. Bd3 {[%clk 0:09:43]} Kf6 {[%clk 0:02:20]} 51. f4
{[%clk 0:10:02]} a4 {[%clk 0:02:15]} 52. g5+ {[%clk 0:07:55]} Kg7
{[%clk 0:02:05]} 53. Kxb4 {[%clk 0:01:02]} 1/2-1/2

[Event "EYCC 2024 - O16"]
[Site "?"]
[Date "2024.08.30"]
[Round "8.5"]
[White "Nemsadze, Daviti"]
[Black "Erten, Kerem"]
[Result "1/2-1/2"]
[BlackElo "2331"]
[WhiteElo "2192"]
[LiveChessVersion "1.4.8"]

1. e4 {[%clk 1:30:54]} e6 {[%clk 1:30:40]} 2. d4 {[%clk 1:31:22]} d5
{[%clk 1:30:54]} 3. Nc3 {[%clk 1:31:50]} Bb4 {[%clk 1:31:11]} 4. e5
{[%clk 1:32:17]} c5 {[%clk 1:31:31]} 5. a3 {[%clk 1:32:44]} Bxc3+
{[%clk 1:31:56]} 6. bxc3 {[%clk 1:33:12]} Ne7 {[%clk 1:32:18]} 7. Qg4
{[%clk 1:33:04]} Qc7 {[%clk 1:32:26]} 8. Qxg7 {[%clk 1:33:21]} Rg8
{[%clk 1:32:50]} 9. Qxh7 {[%clk 1:33:49]} cxd4 {[%clk 1:33:10]} 10. Ne2
{[%clk 1:34:03]} Nbc6 {[%clk 1:33:34]} 11. f4 {[%clk 1:34:30]} dxc3
{[%clk 1:33:39]} 12. Qd3 {[%clk 1:34:33]} d4 {[%clk 1:33:51]} 13. Nxd4
{[%clk 1:34:47]} Nxd4 {[%clk 1:34:15]} 14. Qxd4 {[%clk 1:35:16]} Bd7
{[%clk 1:34:26]} 15. Rg1 {[%clk 1:35:42]} Nf5 {[%clk 1:26:58]} 16. Qf2
{[%clk 1:35:42]} Qc6 {[%clk 1:26:13]} 17. Bd3 {[%clk 1:36:04]} Qd5
{[%clk 1:24:26]} 18. Rb1 {[%clk 1:35:47]} Bc6 {[%clk 1:23:31]} 19. Rb3
{[%clk 1:29:27]} O-O-O {[%clk 1:15:18]} 20. Rxc3 {[%clk 1:29:00]} Kb8
{[%clk 1:14:34]} 21. g3 {[%clk 0:50:57]} Nd4 {[%clk 0:55:55]} 22. Rf1
{[%clk 0:46:08]} Rh8 {[%clk 0:40:07]} 23. Be3 {[%clk 0:38:10]} Nf3+
{[%clk 0:39:09]} 24. Qxf3 {[%clk 0:38:30]} Qa5 {[%clk 0:33:47]} 25. Bd2
{[%clk 0:38:57]} Bxf3 {[%clk 0:33:39]} 26. Rc8+ {[%clk 0:39:25]} Rxc8
{[%clk 0:33:01]} 27. Bxa5 {[%clk 0:39:53]} Bg4 {[%clk 0:29:25]} 28. h4
{[%clk 0:38:43]} Bf5 {[%clk 0:28:43]} 29. Bb4 {[%clk 0:29:33]} Bxd3
{[%clk 0:27:00]} 30. cxd3 {[%clk 0:29:38]} Rc1+ {[%clk 0:14:51]} 31. Ke2
{[%clk 0:30:03]} Rxf1 {[%clk 0:14:54]} 32. Kxf1 {[%clk 0:29:47]} Kc7 33. Be7 Kd7
34. Bf6 Rc8 1/2-1/2

[Event "EYCC 2024 - O16"]
[Site "?"]
[Date "2024.08.30"]
[Round "8.6"]
[White "Rustamov, Rustam"]
[Black "Magold, Filip"]
[Result "1/2-1/2"]
[BlackElo "2425"]
[WhiteElo "2283"]
[LiveChessVersion "1.4.8"]

1. e4 {[%clk 1:30:59]} c5 {[%clk 1:30:32]} 2. Nf3 {[%clk 1:31:23]} Nc6
{[%clk 1:30:50]} 3. d4 {[%clk 1:31:44]} cxd4 {[%clk 1:31:15]} 4. Nxd4
{[%clk 1:32:13]} Qb6 {[%clk 1:31:38]} 5. Nb3 {[%clk 1:28:45]} Nf6
{[%clk 1:31:22]} 6. Nc3 {[%clk 1:27:46]} e6 {[%clk 1:31:47]} 7. Bd3
{[%clk 1:26:21]} a6 {[%clk 1:31:58]} 8. Qe2 {[%clk 1:23:41]} d6 {[%clk 1:28:24]}
9. O-O {[%clk 1:22:43]} Be7 {[%clk 1:28:28]} 10. a4 {[%clk 1:22:23]} Qc7
{[%clk 1:25:05]} 11. a5 {[%clk 1:22:21]} O-O {[%clk 1:18:01]} 12. Be3
{[%clk 1:22:23]} Ne5 {[%clk 1:15:45]} 13. Bb6 {[%clk 1:19:50]} Qb8
{[%clk 1:16:11]} 14. f4 {[%clk 1:19:41]} Nxd3 {[%clk 1:16:15]} 15. cxd3 Bd7
{[%clk 1:05:37]} 16. e5 {[%clk 1:19:09]} Ne8 17. d4 {[%clk 1:09:26]} Bd8
{[%clk 0:53:54]} 18. Bxd8 {[%clk 1:06:16]} Qxd8 {[%clk 0:53:47]} 19. Rfd1
{[%clk 1:06:33]} b6 {[%clk 0:40:18]} 20. d5 {[%clk 1:00:54]} bxa5
{[%clk 0:40:21]} 21. Nxa5 {[%clk 0:59:56]} dxe5 {[%clk 0:38:42]} 22. fxe5
{[%clk 0:57:59]} exd5 {[%clk 0:36:04]} 23. Nxd5 {[%clk 0:57:45]} Qg5
{[%clk 0:33:09]} 24. Qe3 {[%clk 0:49:31]} Qxe3+ {[%clk 0:32:58]} 1/2-1/2

[Event "EYCC 2024 - O16"]
[Site "?"]
[Date "2024.08.30"]
[Round "8.7"]
[White "Prazak, Daniel"]
[Black "Lavrencic, Matic"]
[Result "1/2-1/2"]
[BlackElo "2356"]
[WhiteElo "2261"]
[LiveChessVersion "1.4.8"]

1. e4 {[%clk 1:30:51]} c5 {[%clk 1:30:43]} 2. Nf3 {[%clk 1:30:45]} d6
{[%clk 1:30:49]} 3. d4 {[%clk 1:30:23]} cxd4 {[%clk 1:30:52]} 4. Nxd4
{[%clk 1:30:35]} Nf6 {[%clk 1:31:05]} 5. Nc3 {[%clk 1:30:38]} a6 {[%clk 1:29:47]}
6. h3 {[%clk 1:30:25]} e5 {[%clk 1:28:29]} 7. Nf3 {[%clk 1:29:56]} h6
{[%clk 1:25:04]} 8. Bc4 {[%clk 1:28:54]} Be6 {[%clk 1:24:58]} 9. Bb3
{[%clk 1:28:40]} Nc6 {[%clk 1:24:25]} 10. Be3 {[%clk 1:27:33]} Rc8
{[%clk 1:22:13]} 11. Nh4 {[%clk 1:18:27]} Na5 {[%clk 1:19:06]} 12. Bxe6
{[%clk 1:15:57]} fxe6 {[%clk 1:19:14]} 13. Ng6 {[%clk 1:14:47]} Rg8
{[%clk 1:19:25]} 14. O-O {[%clk 1:12:09]} Kf7 {[%clk 1:12:03]} 15. Nxf8
{[%clk 1:09:41]} Rxf8 {[%clk 1:12:15]} 16. Qd3 {[%clk 1:03:49]} Nc4
{[%clk 1:07:12]} 17. Bc1 {[%clk 1:01:26]} Qc7 {[%clk 1:06:38]} 18. b3
{[%clk 0:58:27]} Na5 {[%clk 1:05:31]} 19. Bb2 {[%clk 0:55:12]} Kg8
{[%clk 0:59:39]} 20. Rac1 {[%clk 0:50:39]} Nc6 {[%clk 0:58:56]} 21. a3
{[%clk 0:49:27]} Rf7 {[%clk 0:51:28]} 22. Ne2 {[%clk 0:46:26]} d5
{[%clk 0:51:18]} 23. Ng3 {[%clk 0:41:49]} Rd8 {[%clk 0:50:26]} 24. Qe2
{[%clk 0:33:47]} d4 {[%clk 0:46:11]} 25. b4 {[%clk 0:23:29]} Na7 {[%clk 0:30:21]}
26. Rfd1 {[%clk 0:20:57]} Rfd7 {[%clk 0:24:46]} 27. c4 {[%clk 0:19:54]} Nc6
{[%clk 0:19:27]} 28. c5 {[%clk 0:18:59]} d3 {[%clk 0:16:40]} 29. Qe3
{[%clk 0:17:37]} a5 {[%clk 0:15:27]} 30. b5 {[%clk 0:16:28]} Nd4 {[%clk 0:15:47]}
31. b6 {[%clk 0:15:47]} Qc6 {[%clk 0:15:40]} 32. Qxd3 {[%clk 0:14:37]} Nf5
{[%clk 0:14:47]} 33. Qc2 {[%clk 0:06:54]} Nxg3 {[%clk 0:14:52]} 34. Rxd7
{[%clk 0:06:06]} Rxd7 {[%clk 0:15:15]} 35. fxg3 {[%clk 0:06:29]} Nxe4
{[%clk 0:15:17]} 36. Re1 {[%clk 0:05:18]} Qxc5+ {[%clk 0:14:32]} 37. Qxc5
{[%clk 0:05:04]} Nxc5 {[%clk 0:14:59]} 38. Bxe5 {[%clk 0:04:44]} Nd3
{[%clk 0:14:19]} 39. Re3 {[%clk 0:04:51]} Nxe5 {[%clk 0:12:18]} 40. Rxe5
{[%clk 0:05:14]} Rd6 {[%clk 0:12:43]} 41. Rxa5 {[%clk 0:05:34]} Rxb6
{[%clk 0:13:09]} 42. Kf2 {[%clk 0:04:17]} Kf7 {[%clk 0:13:30]} 43. Rc5
{[%clk 0:04:19]} Rb2+ {[%clk 0:13:04]} 44. Kf3 {[%clk 0:04:23]} Rb3+
{[%clk 0:13:29]} 45. Kf2 {[%clk 0:04:42]} Kf6 {[%clk 0:12:40]} 46. Rc7
{[%clk 0:04:58]} e5 {[%clk 0:12:31]} 47. a4 {[%clk 0:04:41]} e4 {[%clk 0:12:22]}
48. g4 {[%clk 0:02:18]} b6 {[%clk 0:11:14]} 49. Ra7 {[%clk 0:01:58]} 1/2-1/2

[Event "EYCC 2024 - O16"]
[Site "?"]
[Date "2024.08.30"]
[Round "8.8"]
[White "Bodrogi, Bendeguz"]
[Black "Vagman, Roy"]
[Result "1/2-1/2"]
[BlackElo "2302"]
[WhiteElo "2353"]
[LiveChessVersion "1.4.8"]

1. Nf3 {[%clk 1:30:53]} d5 {[%clk 1:30:47]} 2. g3 {[%clk 1:31:12]} Nc6
{[%clk 1:31:05]} 3. d4 {[%clk 1:31:31]} Bf5 {[%clk 1:31:26]} 4. Bg2
{[%clk 1:31:52]} Nb4 {[%clk 1:31:46]} 5. Na3 {[%clk 1:32:14]} e6 {[%clk 1:32:11]}
6. Nh4 {[%clk 1:31:54]} Bg4 {[%clk 1:30:38]} 7. c3 {[%clk 1:31:38]} Nc6
{[%clk 1:30:58]} 8. Qb3 {[%clk 1:31:09]} Rb8 {[%clk 1:30:53]} 9. e4
{[%clk 1:29:55]} dxe4 {[%clk 1:30:48]} 10. Bxe4 {[%clk 1:30:12]} Be7
{[%clk 1:28:28]} 11. Nc4 {[%clk 1:28:07]} Bh3 {[%clk 1:26:29]} 12. Ng2
{[%clk 1:28:08]} Nf6 {[%clk 1:26:43]} 13. Bf3 {[%clk 1:28:28]} Bg4
{[%clk 1:26:37]} 14. Bxg4 {[%clk 1:28:20]} Nxg4 {[%clk 1:26:57]} 15. a4
{[%clk 1:28:38]} a6 {[%clk 1:23:43]} 16. O-O {[%clk 1:22:42]} O-O
{[%clk 1:21:25]} 17. a5 {[%clk 1:08:30]} Qd5 {[%clk 1:16:15]} 18. h3
{[%clk 1:06:40]} Nf6 {[%clk 1:14:09]} 19. Re1 {[%clk 1:00:36]} Qb5
{[%clk 0:55:19]} 20. Qa4 {[%clk 1:00:00]} Rfd8 {[%clk 0:52:48]} 21. Nf4
{[%clk 0:50:44]} h6 {[%clk 0:44:12]} 22. h4 {[%clk 0:26:07]} Qf5 {[%clk 0:31:24]}
23. Ne3 {[%clk 0:21:37]} Qh7 {[%clk 0:31:19]} 24. Qc2 {[%clk 0:18:20]} e5
{[%clk 0:23:21]} 25. Qxh7+ {[%clk 0:14:12]} Kxh7 {[%clk 0:23:34]} 26. dxe5
{[%clk 0:14:38]} Nxe5 {[%clk 0:23:53]} 27. Kg2 {[%clk 0:14:55]} Bc5
{[%clk 0:20:19]} 28. Ned5 {[%clk 0:12:23]} Neg4 {[%clk 0:17:12]} 29. Nxf6+
{[%clk 0:12:12]} Nxf6 {[%clk 0:17:41]} 30. Be3 {[%clk 0:11:29]} Bxe3
{[%clk 0:16:48]} 31. Rxe3 {[%clk 0:11:56]} Rd7 {[%clk 0:15:15]} 32. Rd3
{[%clk 0:09:44]} Rbd8 {[%clk 0:10:26]} 33. Rad1 {[%clk 0:09:01]} g5
{[%clk 0:08:56]} 34. hxg5 {[%clk 0:09:06]} hxg5 {[%clk 0:09:09]} 35. Rxd7
{[%clk 0:08:56]} Rxd7 {[%clk 0:09:31]} 36. Rxd7 {[%clk 0:09:19]} Nxd7
{[%clk 0:09:57]} 37. Nd3 {[%clk 0:06:46]} Kg6 {[%clk 0:09:04]} 38. Kf3
{[%clk 0:06:55]} Kf5 {[%clk 0:07:37]} 39. Ke3 {[%clk 0:02:58]} Ne5
{[%clk 0:03:29]} 40. Nxe5 {[%clk 0:01:53]} Kxe5 {[%clk 0:03:57]} 41. f3
{[%clk 0:01:12]} b6 {[%clk 0:03:11]} 42. axb6 {[%clk 0:01:14]} cxb6
{[%clk 0:03:40]} 43. c4 {[%clk 0:01:17]} a5 {[%clk 0:03:35]} 44. b3
{[%clk 0:00:47]} Kd6 {[%clk 0:02:25]} 45. Kd4 {[%clk 0:01:04]} f6
{[%clk 0:01:42]} 46. g4 {[%clk 0:00:58]} Kc6 {[%clk 0:02:12]} 47. Kd3
{[%clk 0:01:01]} Kc5 {[%clk 0:01:42]} 48. Kc3 {[%clk 0:01:27]} b5
{[%clk 0:01:31]} 49. cxb5 {[%clk 0:01:50]} Kxb5 {[%clk 0:01:59]} 50. Kc2
{[%clk 0:02:02]} Kb4 {[%clk 0:02:28]} 51. Kb2 {[%clk 0:02:25]} Kc5
{[%clk 0:02:54]} 52. Kc3 {[%clk 0:02:49]} Kd5 {[%clk 0:03:04]} 53. Kd3
{[%clk 0:03:09]} Ke5 {[%clk 0:02:55]} 54. Ke3 {[%clk 0:03:18]} f5
{[%clk 0:01:41]} 55. gxf5 {[%clk 0:03:44]} Kxf5 {[%clk 0:02:07]} 56. Ke2
{[%clk 0:03:35]} Ke6 {[%clk 0:02:13]} 57. Kf2 {[%clk 0:02:04]} Kd5
{[%clk 0:02:07]} 58. Kg3 {[%clk 0:02:17]} Kd4 {[%clk 0:01:30]} 59. Kg4
{[%clk 0:02:30]} Ke3 {[%clk 0:01:44]} 60. Kg3 {[%clk 0:02:49]} Ke2
{[%clk 0:01:53]} 61. Kg4 {[%clk 0:03:14]} Ke3 {[%clk 0:02:00]} 62. Kg3
{[%clk 0:03:38]} Kd3 {[%clk 0:01:57]} 63. Kg4 {[%clk 0:03:30]} Ke2
{[%clk 0:01:47]} 64. Kg3 {[%clk 0:03:53]} Kd3 {[%clk 0:01:02]} 65. Kg4
{[%clk 0:04:20]} 1/2-1/2